000 00689nam a2200289Ia 4500
005 20260324111906.0
008 008 260324s9999 xx 000 0 eng d
020 _a9781003602897
037 _aEBOOK
040 _aCRL
040 _beng
040 _cCRL
041 _2eng
041 _aeng
084 _qCRL
100 _aVichet Chhuon
_91140444
245 0 _aCambodian American Youth, Identity, and Schooling
245 0 _bEthnographic Research
260 _bTaylor and Francis
260 _c2025
365 _a
365 _b230
856 _uhttp://www.taylorfrancis.com/books/9781003602897
942 _cEBOOK
999 _c1729422
_d1729422